Reanimación Neonatal. (Registro nro. 134)
[ vista simple ]
| 000 -LEADER | |
|---|---|
| fixed length control field | 00781Cam#a2200229#a#4500 |
| 005 - FECHA ULTIMA MODIFICACION | |
| control field | 20240523095039.0 |
| 008 - CAMPO DE CONTROL (LIBRO) | |
| fixed length control field | 100317s2006||||ag |||||||||||||||||spa d |
| 020 ## - INTERNATIONAL STANDARD BOOK NUMBER | |
| ISBN | 9781581101898 |
| 041 ## - CODIGO DE IDIOMA | |
| Código de idioma del texto/pista de sonido o título separado | spa |
| 092 ## - SIGNATURA TOPOGRAFICA DEWEY LOCAL | |
| número de clasificación | 618.39201 |
| libristica | 78 |
| sección | REA |
| 100 1# - ENTRADA PRINCIPAL--NOMBRE PERSONAL | |
| Nombre personal | Kattwinkel, John |
| 9 (RLIN) | 733 |
| Función | Ed. |
| 245 ## - TITULO PROPIAMENTE DICHO | |
| Título | Reanimación Neonatal. |
| Subtítulo y Título paralelo | Texto / |
| Mención de responsabilidad y remanente de la transcripción de la portada | John Kattwinlel |
| 250 ## - MENCION DE EDICION | |
| Mención de edición | 5a ed. |
| 260 ## - PIE DE IMPRENTA | |
| Lugar de publicación, distribución, etc | Estados Unidos: |
| Nombre de la editorial, distribuidor, etc | American Heart Association - American Acaddemy of Pediatrics; |
| Fecha de publicación | 2006. |
| 300 ## - DESCRIPCION FISICA | |
| Extension | 400 p. |
| 500 ## - NOTA GENERAL | |
| Nota general | Kattwinkel, J. (Ed.). et al. (2006). Reanimación. Neonatal. Texto. (5a ed.). Estados Unidos : American Heart Association ; American Acaddemy of Pediatrics. |
| 653 ## - TÉRMINO INDIZADO - PALABRAS CLAVES | |
| Palabra clave | Pediatría |
| 653 ## - TÉRMINO INDIZADO - PALABRAS CLAVES | |
| Palabra clave | Neonatología |
| 653 ## - TÉRMINO INDIZADO - PALABRAS CLAVES | |
| Palabra clave | Reanimación |
| 930 ## - NUMERO DE INVENTARIO | |
| Número de inventario | 2003 |
| 942 ## - ADDED ENTRY ELEMENTS (KOHA) | |
| Source of classification or shelving scheme | Dewey Decimal Classification |
| Item type | Libros |
| Estado de retiro | Existencia | Estado general | No para prestamo | Ubicación permanente | ubicación actual | Sala de ubicación | Fecha de adquisición | Total Checkouts | Número de clasificación | Código de barras | Date last seen | Date last borrowed | Número de ejemplar | Price effective from | Koha tipo de elemento (item) |
|---|---|---|---|---|---|---|---|---|---|---|---|---|---|---|---|
| Biblioteca Medicina | Biblioteca Medicina | Circulación | 13/05/2011 | 1 | 618.39201 78 REA | 2003 | 06/11/2014 | 02/05/2012 | ej.1 | 13/05/2011 | Libros |